000 00834 a2200205 4500
001 60328
005 20260407155853.0
008 260407a1986 arg spa d
003 AR-UNSa-BCEJYS
040 _aAR-UNSa-BCEJYS
_bspa
_cAR-UNSa-BCEJYS
080 _a330.82
_xTeorías económicas clásicas y posclásica. Liberalismo. Escuelas ética, romántica, histórica
245 1 0 _aSobre el liberalismo en Ortega
264 1 _aBuenos Aires :
_bInstituto Torcuato Di Tella
_c1986
300 _a86 p.
_c20 cm.
505 _a1. Los años mozos y el “liberalismo socialista” – 2. Entre el liberalismo doctrinario y el liberalismo democrático – 3. El problema de la “vida como libertad” y los años de desilusión
041 _aspa
942 _cBK
590 _aniveau_biblio:m niveau_hierar:0
100 1 _aAguilar, Enrique
999 _c6899
_d6899